000 00377nam a2200157 i 4500
001 bg
100 1 _aCANDLIN, E. Frank
245 0 _aPresent day English for foreign students. B.2 /
_cE. Frank Candlin.
250 _aWyd.3.
260 _aWarszawa,
_c1967.
040 _cBPK
041 _apol
080 _a802.0
942 _cKS
008 s pl f |000 0 pol
999 _c10185
_d10185
856 _uhttp://koha.tu.koszalin.pl/cgi-bin/koha/opac-detail.pl?biblionumber=10185
_yKatalog online BPK